|
|
|
|
| LEADER |
00000nam0a2200000 4500 |
| 001 |
270215 |
| 005 |
20231101234328.0 |
| 020 |
|
|
|a RU
|b 87-41181
|
| 035 |
|
|
|a (RuTPU)RU\TPU\book\293396
|
| 090 |
|
|
|a 270215
|
| 100 |
|
|
|a 20140925d1987 k y0rusy5003 ca
|
| 101 |
0 |
|
|a rus
|
| 102 |
|
|
|a RU
|
| 105 |
|
|
|a a z 001zy
|
| 200 |
1 |
|
|a Динамика и прочность мощных турбо- и гидрогенераторов
|e сборник научных трудов
|f Всесоюзный научно-исследовательский институт электроэнергетики (ВНИИЭ) ; под ред. Л. Г. Мамиконянца
|
| 210 |
|
|
|a Москва
|c Энергоатомиздат
|d 1987
|
| 215 |
|
|
|a 116 с.
|c ил.
|
| 320 |
|
|
|a Библиогр. в конце статей
|
| 606 |
1 |
|
|a Генераторы
|x Эксплуатация
|2 stltpush
|3 (RuTPU)RU\TPU\subj\5684
|9 33693
|
| 606 |
1 |
|
|a Турбогенераторы
|x Надежность
|2 stltpush
|3 (RuTPU)RU\TPU\subj\62087
|9 79238
|
| 610 |
1 |
|
|a активная сталь
|
| 610 |
1 |
|
|a свойства
|
| 610 |
1 |
|
|a цветовые индикаторы
|
| 610 |
1 |
|
|a статоры
|
| 610 |
1 |
|
|a сердечники
|
| 610 |
1 |
|
|a напряженное состояние
|
| 610 |
1 |
|
|a исследование
|
| 610 |
1 |
|
|a демпфирование
|
| 675 |
|
|
|a 621.313.12
|v 3
|
| 675 |
|
|
|a 621.313.322-81.019.3
|v 3
|
| 702 |
|
1 |
|a Мамиконянц
|b Л. Г.
|g Лев Гразданович
|4 340
|
| 712 |
0 |
2 |
|a Всесоюзный научно-исследовательский институт электроэнергетики (ВНИИЭ)
|2 stltpush
|3 (RuTPU)RU\TPU\col\11260
|
| 801 |
|
0 |
|a RU
|b RuMRKP
|c 19950417
|g psbo
|
| 801 |
|
1 |
|a RU
|b 63413507
|c 20140925
|
| 801 |
|
2 |
|a RU
|b 63413507
|c 20170303
|g RCR
|
| 942 |
|
|
|c BK
|